24h Nürburgring Sieger - Statistiken

Allgemein
  • Dieses Quiz wurde 57 mal gespielt
  • Das Durchschnittsergebnis liegt bei 48 aus 53
Antwortstatistiken
Jahr Hersteller % Korrekt
2024 Audi
100%
2022 Audi
100%
2019 Audi
100%
2017 Audi
100%
2015 Audi
100%
2014 Audi
100%
2012 Audi
100%
2023 Ferrari
100%
2025 BMW
98%
2020 BMW
98%
2010 BMW
98%
2005 BMW
98%
2004 BMW
98%
1998 BMW
98%
1997 BMW
98%
1996 BMW
98%
1995 BMW
98%
1994 BMW
98%
1992 BMW
98%
1991 BMW
98%
1990 BMW
98%
1989 BMW
98%
1986 BMW
98%
1985 BMW
98%
1984 BMW
98%
1973 BMW
98%
1972 BMW
98%
1971 BMW
98%
1970 BMW
98%
2021 Porsche
98%
2018 Porsche
98%
2011 Porsche
98%
2009 Porsche
98%
2008 Porsche
98%
2007 Porsche
98%
2006 Porsche
98%
2000 Porsche
98%
1993 Porsche
98%
1988 Porsche
98%
1978 Porsche
98%
1977 Porsche
98%
1976 Porsche
98%
2016 Mercedes
96%
2013 Mercedes
96%
1987 Ford
78%
1982 Ford
78%
1981 Ford
78%
1980 Ford
78%
1979 Ford
78%
2003 Opel
67%
2002 Chrysler
24%
2001 Chrysler
24%
1999 Chrysler
24%
Keine übereinstimmenden Quizze gefunden
Verteilung der Resultate
Anzahl Personen mit jedem Resultat
Perzentil nach korrekt beantworteten Fragen
Ihre Resultats-Entwicklung
Sie haben dieses Quiz noch nicht gespielt